00481nam a22001577a 450000500170000001000150001702000260003203500140005803700130007208200100008510000160009524500450011126000380015627001090019430000200030320191001124216.0 aENG-126584 a9788178440866c250.00 aEN-110116 bDBAD/PUB a158.1 aVohra, B.L. aSuccess :bkey to sucess /cby B.L.Vohra aNew DelhibK.K. Pubicationsc2018 a4806/24, Bharat Ram RoadbDarya Ganj, New Delhie110002k011-23285167, 65185557minfo@kkpublications.com a127p.c22cm(Hb)